| 000 | 00775nam a2200241 a 4500 | ||
|---|---|---|---|
| 001 | 000046323 | ||
| 003 | DO-SdBNP | ||
| 005 | 20240302073953.0 | ||
| 007 | ta | ||
| 008 | 150723s2015 dr 000 0 spa d | ||
| 020 | _a9789945418309 | ||
| 040 |
_aDO-SdBNP _bspa _cBNPHU |
||
| 082 | 4 | _222 | |
| 100 | 1 |
_aRosario Candelier, Bruno, _d1941- _9851 |
|
| 245 | 1 | 3 |
_aLa intuición trascendente : _bcreación metafísica, estética y simbólica / _cBruno Rosario Candelier. |
| 260 |
_aSanto Domingo, : _bAteneo Insular Internacional, _c2015. |
||
| 300 |
_a396 p. ; _c23 cm. |
||
| 490 | 1 |
_a"Por las amenas liras" _v13 |
|
| 500 | _aIncluye datos biográficos en las solapas | ||
| 590 | _aInventariado, 2022/BT | ||
| 830 | 0 |
_a"Por las amenas liras" _n13 _964206 |
|
| 942 |
_2ddc _cLBS1 |
||
| 999 |
_c45812 _d45812 |
||